| 000 | 00434nam a22001577a 4500 | ||
|---|---|---|---|
| 020 | _a9789339221638 | ||
| 082 |
_a621.815 _bSHI/ME |
||
| 100 |
_aBudynas,Richard G. _91229 |
||
| 100 |
_aNisbett,Keith J. _91230 |
||
| 245 | _aShigley's Mechanical Engineering Design | ||
| 250 | _a10 | ||
| 260 |
_aNew Delhi _bMcGraw Hill Education (India) Private Limited _c2016 |
||
| 300 | _a1082 | ||
| 500 | _a10 th Edition in SI Units | ||
| 942 | _cBBS | ||
| 999 |
_c14703 _d14703 |
||